Largest Cities by Area - Statistics

General Stats
  • This quiz has been taken 41 times
  • The average score is 70 of 100
Answer Stats
Area Country City % Correct
6,299 km² United States Los Angeles
100%
11,642 km² United States New York City
100%
2,797 km² United States San Francisco
100%
10,400 km² South Korea Seoul
100%
8,547 km² Japan Tokyo
100%
3,820 km² China Beijing
97%
1,761 km² Egypt Cairo
97%
6,856 km² United States Chicago
97%
4,662 km² Russia Moscow
97%
2,845 km² France Paris
97%
2,037 km² Australia Sydney
97%
2,287 km² Canada Toronto - Hamilton
97%
6,392 km² Indonesia Jakarta
93%
3,209 km² United States Miami
93%
2,020 km² Brazil Rio de Janeiro
93%
2,707 km² Brazil São Paulo
93%
2,590 km² Thailand Bangkok
90%
5,175 km² United States Dallas - Fort Worth
90%
2,072 km² India Delhi
90%
1,360 km² Turkey Istanbul
90%
1,580 km² Philippines Manila
90%
2,543 km² Australia Melbourne
90%
3,212 km² Japan Osaka - Kobe - Kyoto
90%
1,285 km² Italy Rome
90%
1,347 km² Russia Saint Petersburg
90%
6,851 km² United States Atlanta
87%
5,325 km² United States Boston
87%
2,681 km² Argentina Buenos Aires
87%
1,730 km² United States Denver
87%
1,347 km² United Arab Emirates Dubai
87%
1,489 km² Vietnam Ho Chi Minh City
87%
1,943 km² Malaysia Kuala Lumpur
87%
1,738 km² United Kingdom London
87%
1,891 km² Italy Milan
87%
1,545 km² Canada Montréal
87%
1,566 km² Australia Perth
87%
1,502 km² Saudi Arabia Riyadh
87%
3,280 km² China Shanghai
87%
1,489 km² Iran Tehran
87%
3,424 km² United States Washington, D.C.
87%
4,644 km² United States Houston
83%
2,590 km² South Africa Johannesburg
83%
3,527 km² Pakistan Karachi
83%
1,321 km² Spain Madrid
83%
1,972 km² Australia Brisbane
80%
2,161 km² Bangladesh Dhaka
80%
5;131 km² United States Philadelphia
80%
2,103 km² Switzerland Zurich
80%
1,355 km² United States Austin
77%
1,178 km² France Lyon
77%
2,071 km² Mexico Mexico City
77%
1,958 km² United States Orlando
77%
1,230 km² South Africa Pretoria
77%
2,655 km² Germany Ruhr Area (Essen-Düsseldorf)
77%
2,616 km² United States Seattle
77%
3,463 km² United States Detroit
73%
3,432 km² China Guangzhou - Foshan
73%
1,896 km² United States San Diego
73%
3,196 km² United States Phoenix
70%
1,150 km² Canada Vancouver
70%
1,756 km² United States Kansas City
67%
1,357 km² United States Portland
67%
1,546 km² United States San Antonio
67%
1,204 km² India Kolkata
63%
1,829 km² United States Indianapolis
60%
1,373 km² United States Jacksonville
57%
1,287 km² United States Memphis
57%
2,647 km² United States Minneapolis - Saint Paul
57%
3,885 km² Japan Nagoya
57%
2,393 km² United States Saint Louis
57%
2,479 km² United States Tampa
57%
1,857 km² United States Baltimore
53%
1,919 km² United States Charlotte
53%
1,999 km² United States Cleveland
53%
1,166 km² India Bengaluru
50%
1,458 km² United States Nashville
50%
2,344 km² United States Pittsburgh
50%
1,541 km² China Chengdu
47%
1,310 km² United States Columbus
47%
1,414 km² United States Milwaukee
47%
1,220 km² United States Sacramento
47%
2,007 km² China Tianjin
47%
1,530 km² India Hyderabad
43%
1,748 km² China Shenzhen
43%
1,157 km² China Wuhan
43%
1,269 km² China Nanjing
40%
1,235 km² United States Louisville
37%
1,342 km² United States Raleigh
37%
1,274 km² United States Richmond
37%
5,926 km² Indonesia Surabaya
37%
1,334 km² United States Virginia Beach - Norfolk
37%
2,041 km² United States Cincinnati
33%
1,147 km² Russia Yekaterinburg
30%
1,217 km² China Hangzhou
27%
1,489 km² China Qingdao - Jimo
23%
1,412 km² United States Providence
20%
2,740 km² Malaysia George Town
17%
2,246 km² United States San Juan
17%
1,619 km² China Dongguan
13%
1,529 km² China Quanzhou
7%
No matching quizzes found
Score Distribution
Percent of People with Each Score
Percentile by Number Answered
Your Score History
You have not taken this quiz